Achieving geoeconomic goals by boosting the economy without raising the public debt ratio? New evidence on the effects of public investment in the European Union (Record no. 9146)

MARC details
000 -LEADER
fixed length control field 02551nam a22006257u 4500
001 - CONTROL NUMBER
control field pwiiw7398
003 - CONTROL NUMBER IDENTIFIER
control field OSt
005 - DATE AND TIME OF LATEST TRANSACTION
control field 20260516120036.0
008 - FIXED-LENGTH DATA ELEMENTS--GENERAL INFORMATION
fixed length control field 251008t2025 au ||||| |||| 00| ||eng d
040 ## - CATALOGING SOURCE
Transcribing agency OSt
041 ## - LANGUAGE CODE
Language code of text/sound track or separate title eng
084 ## - OTHER CLASSIFICATION NUMBER
Classification number E32
-- D84
-- F02
-- Q41
-- Q43
-- Q48
Number source jelc
100 1# - MAIN ENTRY--PERSONAL NAME
Personal name Dabrowski, Cara
245 10 - TITLE STATEMENT
Title Achieving geoeconomic goals by boosting the economy without raising the public debt ratio? New evidence on the effects of public investment in the European Union
260 ## - PUBLICATION, DISTRIBUTION, ETC.
Place of publication, distribution, etc. Wien :
Name of publisher, distributor, etc. Wiener Institut für Internationale Wirtschaftsvergleiche (wiiw),
Date of publication, distribution, etc. 2025.
300 ## - PHYSICAL DESCRIPTION
Extent 21 S.,
Other physical details 1 Table and 3 Figures,
Dimensions 30cm.
490 1# - SERIES STATEMENT
Series statement wiiw Policy Notes and Reports
Volume/sequential designation 99
520 ## - SUMMARY, ETC.
Summary, etc. Public investment can support geoeconomic policy goals by strengthening economic resilience through the creation of public assets and by fostering domestic sources of economic growth. This paper presents new evidence on how public investment affects output, unemployment, private investment and public debt in the 27 EU member countries. Using forecast errors based on archival data to identify public investment shocks, we find that expansionary shocks (a) have favourable effects on output and unemployment in the short to medium run; (b) do not crowd out private investment; and (c) do not jeopardise public debt sustainability. Even though fiscal consolidation pressures linked to EU fiscal rules are high, promoting public investment may be critical – not only for economic development, but also to advance geostrategic goals in energy, infrastructure and resilience.<br/>
650 ## - SUBJECT ADDED ENTRY--TOPICAL TERM
Topical term or geographic name entry element Public investment
650 ## - SUBJECT ADDED ENTRY--TOPICAL TERM
Topical term or geographic name entry element growth
650 ## - SUBJECT ADDED ENTRY--TOPICAL TERM
Topical term or geographic name entry element unemployment
650 ## - SUBJECT ADDED ENTRY--TOPICAL TERM
Topical term or geographic name entry element public debt
651 ## - SUBJECT ADDED ENTRY--GEOGRAPHIC NAME
Geographic name European Union
651 ## - SUBJECT ADDED ENTRY--GEOGRAPHIC NAME
Geographic name Austria
651 ## - SUBJECT ADDED ENTRY--GEOGRAPHIC NAME
Geographic name Belgium
651 ## - SUBJECT ADDED ENTRY--GEOGRAPHIC NAME
Geographic name Bulgaria
651 ## - SUBJECT ADDED ENTRY--GEOGRAPHIC NAME
Geographic name Croatia
651 ## - SUBJECT ADDED ENTRY--GEOGRAPHIC NAME
Geographic name Cyprus
651 ## - SUBJECT ADDED ENTRY--GEOGRAPHIC NAME
Geographic name Czechia
651 ## - SUBJECT ADDED ENTRY--GEOGRAPHIC NAME
Geographic name Denmark
651 ## - SUBJECT ADDED ENTRY--GEOGRAPHIC NAME
Geographic name Estonia
651 ## - SUBJECT ADDED ENTRY--GEOGRAPHIC NAME
Geographic name Finland
651 ## - SUBJECT ADDED ENTRY--GEOGRAPHIC NAME
Geographic name France
651 ## - SUBJECT ADDED ENTRY--GEOGRAPHIC NAME
Geographic name Germany
651 ## - SUBJECT ADDED ENTRY--GEOGRAPHIC NAME
Geographic name Greece
651 ## - SUBJECT ADDED ENTRY--GEOGRAPHIC NAME
Geographic name Hungary
651 ## - SUBJECT ADDED ENTRY--GEOGRAPHIC NAME
Geographic name Ireland
651 ## - SUBJECT ADDED ENTRY--GEOGRAPHIC NAME
Geographic name Italy
651 ## - SUBJECT ADDED ENTRY--GEOGRAPHIC NAME
Geographic name Latvia
651 ## - SUBJECT ADDED ENTRY--GEOGRAPHIC NAME
Geographic name Lithuania
651 ## - SUBJECT ADDED ENTRY--GEOGRAPHIC NAME
Geographic name Luxembourg
651 ## - SUBJECT ADDED ENTRY--GEOGRAPHIC NAME
Geographic name Malta
651 ## - SUBJECT ADDED ENTRY--GEOGRAPHIC NAME
Geographic name Netherlands
651 ## - SUBJECT ADDED ENTRY--GEOGRAPHIC NAME
Geographic name Poland
651 ## - SUBJECT ADDED ENTRY--GEOGRAPHIC NAME
Geographic name Romania
651 ## - SUBJECT ADDED ENTRY--GEOGRAPHIC NAME
Geographic name Slovakia
651 ## - SUBJECT ADDED ENTRY--GEOGRAPHIC NAME
Geographic name Slovenia
651 ## - SUBJECT ADDED ENTRY--GEOGRAPHIC NAME
Geographic name Spain
651 ## - SUBJECT ADDED ENTRY--GEOGRAPHIC NAME
Geographic name Sweden
690 ## - LOCAL SUBJECT ADDED ENTRY--TOPICAL TERM (OCLC, RLIN)
Topical term or geographic name as entry element Macroeconomic Analysis and Policy
700 1# - ADDED ENTRY--PERSONAL NAME
Personal name Heimberger, Philipp
830 #0 - SERIES ADDED ENTRY--UNIFORM TITLE
Volume/sequential designation 99
Bibliographic record control number WIIW0000092
Title of a work wiiw Policy Notes and Reports
856 40 - ELECTRONIC LOCATION AND ACCESS
Uniform Resource Identifier <a href="https://wiiw.ac.at/p-7398.html">https://wiiw.ac.at/p-7398.html</a>
942 ## - ADDED ENTRY ELEMENTS (KOHA)
Koha item type Paper
Holdings
Withdrawn status Lost status Damaged status Not for loan Home library Current library Shelving location Date acquired Inventory number Total Checkouts Full call number Barcode Date last seen Price effective from Koha item type
        WIIW WIIW Library 10/08/2025 pwiiw7398   99 1000010007398 10/08/2025 10/08/2025 Paper
The Vienna Instiute for International Economic Studies (wiiw)